|
|
|
|
| LEADER |
00000nam0a2200000 4500 |
| 001 |
349876 |
| 005 |
20231102010239.0 |
| 020 |
|
|
|a RU
|b 83-54662
|
| 035 |
|
|
|a (RuTPU)RU\TPU\retro\2987
|
| 090 |
|
|
|a 349876
|
| 100 |
|
|
|a 20180920d1983 k y0rusy5003 ca
|
| 101 |
0 |
|
|a rus
|
| 102 |
|
|
|a UA
|
| 105 |
|
|
|a y z 001zy
|
| 200 |
1 |
|
|a Введение в теорию оптимизации вычислений билинейных форм
|f О. М. Макаров
|g Академия наук Украинской ССР (АН УССР), Институт биологии южных морей
|
| 210 |
|
|
|a Киев
|c Наукова думка
|d 1983
|
| 215 |
|
|
|a 160 с.
|d 20 см
|
| 320 |
|
|
|a Библиогр.: с. 150-158.
|
| 606 |
1 |
|
|a Билинейные формы
|2 stltpush
|3 (RuTPU)RU\TPU\subj\64135
|9 81058
|
| 610 |
1 |
|
|a вычисление
|
| 610 |
1 |
|
|a алгоритмы
|
| 610 |
1 |
|
|a сложность
|
| 610 |
1 |
|
|a преобразование Фурье
|
| 610 |
1 |
|
|a матрицы
|
| 675 |
|
|
|a 512.64
|z rus
|v 3
|
| 700 |
|
1 |
|a Макаров
|b О. М.
|g Олег Михайлович
|4 070
|
| 712 |
0 |
2 |
|a Академия наук Украинской ССР (АН УССР)
|b Институт биологии южных морей
|c (1936-1991)
|2 stltpush
|3 (RuTPU)RU\TPU\col\332
|
| 801 |
|
0 |
|a RU
|b RuMRKP
|c 19950704
|g psbo
|
| 801 |
|
1 |
|a RU
|b 63413507
|c 20180920
|
| 801 |
|
2 |
|a RU
|b 63413507
|c 20180920
|g RCR
|
| 942 |
|
|
|c BK
|